University of Notre Dame Trivia - Statistics

General Stats
  • This quiz has been taken 107 times
  • The average score is 10 of 20
Answer Stats
Hint Answer % Correct
Indiana city that Notre Dame is located in South Bend
98%
Nickname of Notre Dame's athletic teams Fighting Irish
82%
Material which the Main Building's dome is prominently covered with Gold
79%
Number of national championships Notre Dame's football program has won 11
66%
1993 film starring Sean Astin as a prospective football player whose dream is to play a game for Notre Dame Rudy
66%
Nickname of the 134-foot tall "Word of Life" mural Touchdown Jesus
56%
Norwegian-American head coach who brought the school's football program to nationwide prestige Knute Rockne
55%
Last head coach to win a national championship, against West Virginia in 1988 Lou Holtz
53%
Heisman Trophy winner who went to the 49ers after a championship win under Coach Parseghian Joe Montana
49%
Famous rallying speech he gave after star player George Gipp passed away at age 25 Win one for the {Gipper}
49%
The university does not have this social system common in American universities, with residence halls fulfilling a similar purpose Greek Life
48%
Name of Notre Dame's basilica Basilica of the {Sacred Heart}
40%
Founder of Notre Dame Edward Sorin
38%
Oldest residential hall on campus Saint Edward's
34%
The stone Clarke Memorial Fountain is often compared to this English monument Stonehenge
34%
Religious order which he was part of Congregation of Holy Cross
33%
Notable football play which was developed by the above Forward Pass
33%
Notable president who served from 1952-1987 and for whom the library is named Theodore Hesburgh
33%
Nickname of Notre Dame's football stadium The {Cathedral} of College Football
25%
Financial metric which Notre Dame ranks in the top ten for among American universities Endowment
19%
No matching quizzes found
Score Distribution
Percent of People with Each Score
Percentile by Number Answered
Your Score History
You have not taken this quiz